000 01971nam a2200445 i 4500
001 196068
003 ES-MaACL
005 20250813210256.0
008 240811s2020 sp a | ||||o000 0 spa
015 _aMON20
017 _aM 32310-2020
_bOficina Depósito Legal Madrid
020 _a9788494049163
035 _a(SpMaBN)a6866802
035 _a991034057149708606
040 _aSpMaBN
_bspa
_cSpMaBN
_erda
041 0 _bspa
_beng
080 _a001(460.271)"19"
245 0 0 _aMadrid y la ciencia :
_bun paseo a través de la historia (III) : primera mitad del siglo XX (1900-1950) /
_cEduardo L. Huertas Vázquez [y otros ocho].
264 1 _aMadrid :
_bInstituto de Estudios Madrileños,
_c2020.
264 4 _c©2020
300 _a303 páginas :
_bilustraciones (blanco y negro) ;
_c24 cm.
336 _aTexto
_aImagen fija
_2rdacontent
337 _asin mediación
_2rdamedia
338 _avolumen
_2rdacarrier
490 1 _aBiblioteca de Estudios Madrileños ;
_vLV
500 _a"Ciclo de conferencias"--Cubierta
504 _aIncluye referencias bibliográficas
530 _aVersión digital en: https://institutoestudiosmadrileños.es/wp-content/uploads/2020/07/MADRID-Y-LA-CIENCIA-II.pdf
546 _aTexto en español; resumen en español e inglés
650 7 _aCiencia-
_zMadrid
_2
_9174176
700 1 _aHuertas Vázquez, Eduardo
_eaut
_964577
830 0 _9185680
_aBiblioteca de Estudios Madrileños ;
_vLV
852 _aES-MaACL
_cDEPOJ
_jN-9195
_hDonación: Eduardo L. Huertas Vázquez
_xEncuadernación rústica
_9205100
856 4 _uhttps://institutoestudiosmadrileños.es/wp-content/uploads/2020/07/MADRID-Y-LA-CIENCIA-II.pdf
_yInsituto de Estudos Madrileños
_7Activo a 27/04/2025
903 _aHuertas Vázquez, Eduardo
_ednr
_964577
942 _cMONOGRAFIA
_n0
999 _c196068
_d196068